000 00516nam a2200193 a 4500
001 1765635237912
003 YourLibrary
005 20251216152705.0
008 251213s2001##################000#0#eng##
020 _a9780631210719
082 0 4 _a221.6
_bPER
100 1 _aPerdue, Leo G.,
_eauthor.
245 1 0 _aThe Blackwell Companion to the Hebrew Bible :
260 _bBlackwell Publishing,
_c2001.
300 _a471 pages
650 0 _aReligion.
942 _cENGLISH
040 _aYourLibrary
_beng
_cYourLibrary
999 _c602676
_d602676